| 000 | 00348nam a22001337a 4500 | ||
|---|---|---|---|
| 008 | 250411b |||||||| |||| 00| 0 eng d | ||
| 020 | _a0582643333 | ||
| 050 |
_aHD9539 _b.F74 |
||
| 100 | _aAJAYI J.F.A. | ||
| 245 | _aCapital and Labour in the Nigerian Tin Mines | ||
| 260 |
_aGreat Britain _bLongman Group _c1981 |
||
| 300 | _aix, 266p. | ||
| 942 | _cBK | ||
| 999 |
_c2951 _d2951 |
||